000 00506nam a2200181Ia 4500
005 20250317125740.0
008 008 250317s9999 xx 000 0 eng d
037 _aTextbook
040 _aFMSL
_beng
_cFMSL
041 _aeng
_2eng
084 _aX:8k N4
_qFMSL
100 _aBacker M
_9737217
245 0 _aCost accounting : A managerial approach
260 _aNd
_bNd, Mc Graw Hill
_c1964
300 _a678p
942 _cTB
_hX:8k N4
999 _c1260801
_d1260801